000
00217 a2200097 4500
001
46958
100
_a
Hartaep
245
_a
The Challenge of War
260
_a
Newton Abbot
_b
David & Charles
_c
090
_c
30032
_d
30032
942
_a
NUST-CAE
_c
M
_c
22262
999
_c
282031
_d
282031